| 000 | 01598nam a22002897a 4500 | ||
|---|---|---|---|
| 001 | 0002365 | ||
| 003 | DO-SdBNP | ||
| 005 | 20150603132507.0 | ||
| 007 | 0002365 | ||
| 008 | 150603b xxu||||| |||| 00| 0 spa d | ||
| 020 | _a97899454616644 (v.2) | ||
| 020 | _a9789945461672(v.3) | ||
| 020 | _a9789945461680 (v.4) | ||
| 040 |
_aBPMET _bspa _cBPMET |
||
| 100 | _4Severino, Banahi | ||
| 245 |
_aCiencias sociales / _cBahahi Severino, Alejandro Hernández Grullón, Juan Ricardo Hernández Polanco; ilustraciones y fotografías Ramón Sandoval, Deyanira Féliz Moreno |
||
| 250 | _a3a. ed. | ||
| 260 |
_aSanto Domingo : _bActualidad Escolar 2000, _c2009 |
||
| 300 |
_av.- _bil., mapas, retrs. _c28 cm. |
||
| 500 | _aLa biblioteca posee los grados 2-4 | ||
| 500 | _aEste libro ha sido realizado de acuerdo al curriculum vigente y aprobado como libro de texto por la SEE, bajo el no. 6096 de fecha 4 de julio 2006, revisado y actualizado al 2009 | ||
| 500 | _aLa catalogación fue tomada del ejemplar v. 3 | ||
| 505 |
_gv. 2 : _tUnidad 1 -- _tYo vivo en mi comunidad -- _tUnidad 2 -- _t¿Cómo se organiza mi comunidad? -- _tUnidad 3 -- _tRepública Dominicana es mi país -- _gv. 3 : _tFamilia y comunidad -- _tCultura y comunidad en los municipios dominicanos -- _tRepública Dominicana, primeros pobladores -- _gv. 4 _tProvincias y regiones dominicanas -- _tRelieve, hidrografía y clima de las regiones de la República Dominicana -- _t3Primeros pobladores y llegada de los españoles -- |
||
| 700 | _4Hernández Grullón, Alejandro | ||
| 700 | _4Hernández, Juan Ricardo | ||
| 942 |
_2ddc _cBK |
||
| 999 |
_c7899 _d7899 |
||